000
00269nam a22001217a 4500
040
_c
HS
082
_a
95
100
_a
NA
245
_a
The Philippines recommends for livestock feed formulation.
260
_a
los banos laguna
_b
NA
_c
1987
300
_a
128p.
942
_c
EK
999
_c
8743
_d
8743